000 00456nam a2200181Ia 4500
008 231221s9999 xx 000 0 und d
020 _a9790000000000
041 _aEnglish
082 _a001.6404 MUE;4
100 _aMueller, Scott.
245 0 _aUpgrading and repairing PCs
250 _a18th ed.
260 _c2008
_bPearson Education
_aNew Delhi
300 _axiii, 1556
300 _c57670
650 _aUpgrading,repairing,PCs
942 _cCD
999 _c210452
_d210452